000
00277nam a2200121Ia 4500
008
191201s2014 xx 000 0 und d
100
_a
DHAMDHERE, D.M.
245
0
_a
Systems Programming
260
_a
N. delhi
_b
TMH
_c
2014
300
_a
539
650
_a
MCA
942
_2
ddc
_c
BK
_0
1
999
_c
6222
_d
6222